U.S. General Knowledge by Letter - I - Statistics

General Stats
  • This quiz has been taken 126 times
  • The average score is 8 of 12
Answer Stats
Hint Answer % Correct
It's capital is Boise Idaho
100%
US State bordering Ohio Indiana
100%
It's Capital is Des Moines Iowa
99%
Capital of the above Indianapolis
94%
US state bordering the above Illinois
93%
What people in Alaska Make for homes Igloos
87%
Highway that goes through more than 1 state Interstate Highway
78%
Biggest suburb of Los Angeles that starts with I Irvine
33%
Eastern City in Idaho Idaho Falls
29%
Dallas Suburb Irving
29%
Suburb of Kansas City, MO Independence
20%
Washington city on the southern part of Lake Sammamish Issaquah
6%
No matching quizzes found
Score Distribution
Percent of People with Each Score
Percentile by Number Answered
Your Score History
You have not taken this quiz